ISO 9001 - Statistiques

Statistiques générales
  • Ce quiz a été pris 16 fois
  • Le résultat moyen est 5 sur 10
Statistiques - réponses
Titre Réponse % Correct
10 Amélioration
83%
6 Planification
67%
4 Contexte de l'organisme
58%
5 Leadership
58%
7 Support
58%
1 Domaine d'application
42%
9 Evaluation des performances
42%
3 Termes et définitions
33%
8 Réalisation des activités opérationnelles
25%
2 Références normatives
25%
Aucun quiz correspondant
Distribution des résultats
% des personnes avec chaque résultat
Percentile par nombre de réponses
Votre historique - résultats
Vous n’avez pas pris ce quiz